ბათუმის შოთა რუსთაველის სახელმწიფო უნივერსიტეტის ბიბლიოთეკა

სამეწარმეო სამართალი (ბიბ.ჩანაწერი № 51005)

000 -LEADER
fixed length control field 00756nam a2200241Ia 4500
001 - CONTROL NUMBER
control field 17962
003 - CONTROL NUMBER IDENTIFIER
control field GE_BSU
008 - FIXED-LENGTH DATA ELEMENTS--GENERAL INFORMATION
fixed length control field 181216s||||||||xx |||||||||||||| ||und||
020 ## - INTERNATIONAL STANDARD BOOK NUMBER
International Standard Book Number 9789994095391
040 ## - CATALOGING SOURCE
Transcribing agency GE_BSU
080 ## - UNIVERSAL DECIMAL CLASSIFICATION NUMBER
Universal Decimal Classification number 347.7(075.8)
100 ## - MAIN ENTRY--PERSONAL NAME
Personal name ქოქრაშვილი,ქ.
245 ## - TITLE STATEMENT
Title სამეწარმეო სამართალი
245 ## - TITLE STATEMENT
Remainder of title სახელმძღვანელო
260 ## - PUBLICATION, DISTRIBUTION, ETC.
Place of publication, distribution, etc. თბილისი
260 ## - PUBLICATION, DISTRIBUTION, ETC.
Name of publisher, distributor, etc. ტექნიკური უნივერსიტეტი
260 ## - PUBLICATION, DISTRIBUTION, ETC.
Date of publication, distribution, etc. 2007
300 ## - PHYSICAL DESCRIPTION
Extent 347გვ. ; 22სმ.
653 ## - INDEX TERM--UNCONTROLLED
Uncontrolled term სამეწარმეო სამართალი
653 ## - INDEX TERM--UNCONTROLLED
Uncontrolled term ქაეროქსი
942 ## - ADDED ENTRY ELEMENTS (KOHA)
Koha item type წიგნი
ეგზემპლარები
Withdrawn status Lost status Damaged status Not for loan Date acquired Barcode Date last seen Price effective from Koha item type
        2018-12-17 33-ქსეროქსი 2018-12-17 2018-12-17 წიგნი